Sonâmbulos amotinados predadores (Registo nº 202803)

Detalhes MARC
000 -Etiqueta do registo
Valores 00552nam 22001813 4500
100 ## - Dados gerais de processamento
Dados gerais 20260630d u||y0pory50 ba
200 ## - Titulo e menção de responsabilidade
Título próprio Sonâmbulos amotinados predadores
Primeira menção de responsabilidade Per Johns
210 ## - Publicação
Local de publicação Rio de Janeiro
Nome do editor Nordica
Data de publicação cop. 1980
215 ## - Descrição física 
Paginação / Volumes 118 p.
Outras indicações físicas brochado
Dimensões 21 cm
300 ## - Notas gerais 
Texto da nota Contém dedicatória na folha de guarda
606 ## - Nome comum usado como assunto
ID Autoridade 9
Palavra de ordem Literatura Brasileira
675 ## - CDU
Notação 821.134.3(81)-3
Edição BR
Língua por
700 ## - Autor principal (pessoa individual)
ID Autoridade 17665
Apelido Johns
Nome Per
Datas 1933-2017
801 ## - Fonte de origem
País PT
Agência BMMN
Regras de catalogação RPC
830 ## - Notas gerais do catalogador
Criado por Ana Falardo
Indexado por Ana Falardo
990 ## - Elementos KOHA
Tipo de documento Livro
Exemplares
Situação do levantamento Biblioteca de origem Código de barras Cota Permissão de empréstimo Tipo de documento Nota relativa ao exemplar Forma de aquisição
  Biblioteca Municipal de Montemor-o-Novo 32323 821.134.3(81)-3 JOH|SAF   Livro Acesso Condicionado Oferta

Powered by Koha